Cambios en la estructura de clases sociales en Costa Rica, 1987-2000: anexo I, Actualización de indicadores sobre clases sociales y grupos socio - ocupacionales /
Guardado en:
| Autor principal: | |
|---|---|
| Autor Corporativo: | |
| Otros Autores: | |
| Formato: | Texto |
| Publicado: |
San José:
UCR
|
| Materias: | |
| Etiquetas: |
Agregar Etiqueta
Sin Etiquetas, Sea el primero en etiquetar este registro!
|
MARC
| LEADER | 00000 a a2200000 04500 | ||
|---|---|---|---|
| 001 | 27519 | ||
| 003 | |||
| 040 | |||
| 090 | |a 185305 | ||
| 100 | |a Castro Valverde, Carlos | ||
| 110 | |a Universidad de Costa Rica. Facultad de Ciencias Sociales. Instituto de Investigaciones | ||
| 245 | |a Cambios en la estructura de clases sociales en Costa Rica, 1987-2000: anexo I, Actualización de indicadores sobre clases sociales y grupos socio - ocupacionales / |c Carlos Castro Valverde | ||
| 260 | |a San José: |b UCR | ||
| 300 | |a 59 p |b **no definido** |b fonodiscos | ||
| 650 | |a CLASES SOCIALES | ||
| 650 | |a ESTRUCTURA SOCIAL | ||
| 650 | |a INDICADORES SOCIALES | ||
| 650 | |a ANALISIS SOCIOLOGICO | ||
| 650 | |a POBLACION OCUPADA | ||
| 650 | |a CLASES SOCIALES | ||
| 650 | |a COMPOSICION DE LA POBLACION | ||
| 650 | |a INGRESO | ||
| 650 | |a SECTOR PUBLICO | ||
| 650 | |a SECTOR PRIVADO | ||
| 650 | |a ZONAS RURALES | ||
| 650 | |a ZONAS URBANAS | ||
| 650 | |a EDUCACION | ||
| 700 | |a Gutiérrez, Ana Lucía |a Vargas, Giselle |a Asist | ||
| 999 | |c 5023 |d 5023 | ||
